Ч. 2; Маркетинг

Dades bibliogràfiques
Parent link:Маркетинг: учебное пособие/ Национальный исследовательский Томский политехнический университет (ТПУ), Юргинский технологический институт (филиал) (ЮТИ), Кафедра экономики и автоматизации систем управления (ЭАСУ) ; сост. Т. З. Артюхова ; В. В. Еремин. Ч. 2.— 2-е изд..— , 2014-
Sumari:Заглавие с титульного экрана
В пособии изложены эволюция концепции маркетинга, маркетинговый подход к новому продукту; рассмотрены проблемы сегментации и позиционирования товаров; подробно проанализированы базовые и ценовые стратегии маркетинга; освещены процессы распределения товаров.
Режим доступа: из корпоративной сети ТПУ
Idioma:rus
Publicat: 2014
Matèries:
Accés en línia:http://www.lib.tpu.ru/fulltext2/m/2014/m377.pdf
Format: MixedMaterials Electrònic Llibre
KOHA link:https://koha.lib.tpu.ru/cgi-bin/koha/opac-detail.pl?biblionumber=278755

MARC

LEADER 00000nlm2a2200000 4500
001 278755
005 20231101235138.0
035 |a (RuTPU)RU\TPU\book\302033 
090 |a 278755 
100 |a 20141215d2014 m y0rusy50 ca 
101 0 |a rus 
102 |a RU 
105 |a a j 001zy 
135 |a drgn ---uucaa 
200 0 |a Ч. 2 
210 |d 2014 
230 |a 1 компьютерный файл (pdf; 1.5 MB) 
300 |a Заглавие с титульного экрана 
330 |a В пособии изложены эволюция концепции маркетинга, маркетинговый подход к новому продукту; рассмотрены проблемы сегментации и позиционирования товаров; подробно проанализированы базовые и ценовые стратегии маркетинга; освещены процессы распределения товаров. 
333 |a Режим доступа: из корпоративной сети ТПУ 
337 |a Adobe Reader 
461 1 |0 (RuTPU)RU\TPU\book\302026  |t Маркетинг  |o учебное пособие  |o в 2 ч.  |f Национальный исследовательский Томский политехнический университет (ТПУ), Юргинский технологический институт (филиал) (ЮТИ), Кафедра экономики и автоматизации систем управления (ЭАСУ) ; сост. Т. З. Артюхова ; В. В. Еремин  |v Ч. 2  |e 2-е изд.  |d 2014- 
606 1 |a Маркетинг  |2 stltpush  |3 (RuTPU)RU\TPU\subj\41036  |9 60857 
610 1 |a электронный ресурс 
610 1 |a труды учёных ТПУ 
610 1 |a учебные пособия 
610 1 |a маркетинг 
610 1 |a маркетинговый анализ 
610 1 |a конкурентная среда 
610 1 |a анализ 
610 1 |a потребители 
610 1 |a маркетинговые исследования 
610 1 |a маркетинговый контроль 
686 |a У9(2)212.4я73  |v LBC/SL-A  |2 rubbk 
801 2 |a RU  |b 63413507  |c 20150508  |g RCR 
856 4 |u http://www.lib.tpu.ru/fulltext2/m/2014/m377.pdf 
942 |c CF